| 000 | 00709cam a2200205 a 4500 | ||
|---|---|---|---|
| 001 | 000013628 | ||
| 005 | 20200929163306.0 | ||
| 008 | 761026s1975 mx a 000 0 spa | ||
| 040 |
_aDO-SdBNP _bspa _cBNPHU _dBNPHU |
||
| 082 |
_a335.411 _bH289c, 1975 |
||
| 100 | 1 |
_aHarnecker, Marta. _912290 |
|
| 245 | 1 | 4 |
_aLos conceptos elementales del materialismo histórico / _cMarta Harnecker ; presentación Louis Althusser. |
| 250 | _a25a ed. | ||
| 260 |
_a[México, D. F.] : _b[Siglo Veintiuno Editores], _c[1975]. |
||
| 300 |
_axvi, 341 p. : _bil. ; _c19 cm. |
||
| 490 | 1 | _aTeoría y Crítica | |
| 650 | 4 |
_aMaterialismo dialéctico _9845 |
|
| 700 | 1 |
_aAlthusser, Louis. _931032 |
|
| 830 | 0 |
_aTeoría y Crítica _931033 |
|
| 999 |
_c13242 _d13242 |
||